000
00292nam a2200121Ia 4500
008
190216s9999||||xx |||||||||||||| ||und||
100
_a
Kahare N S And Srivastava
245
0
_a
Magnetism And Electricity
260
_b
Atmaram &sons
_c
1989
300
_a
835p
650
_a
Physics
942
_c
BK
999
_c
32865
_d
32865